00447 2200181 4500001002100000008004100021035002000062245002700082100001500109260003700124300002000161020002200181084001400203082000800217650001000225990001500235990001500250INLIS000000000003200 ind  a0010-1225000021 aKomet MinorcTere Liye aLiye, Tere aDepok :bPT Sabak Grip Nusantara a374c13,5x20 cm a978-623-9987-82-4 a813 LIY k a813 aFiksi a19634/B/26 a19635/B/26